000 00595nam a2200157Ia 4500
008 100122s9999 xx 000 0 und d
082 _b18284
_a50
100 _aसातवळेकर श्री दा
245 _aपुरुषार्थ मासिक डिसें 1931 ते जाने 1932
250 _a0
260 _c1905
300 _a252
630 _aपुरुषार्थ मासिक डिसें 1931 ते जाने 1932
730 _aपुरुषार्थ मासिक डिसें 1931 ते जाने 1932
942 _cBOOK
999 _c407714
_d407711